[Event "SVM_Verbandsliga_Süd_2023-24"]
[Site "?"]
[Date "2023.09.24"]
[Round "2.7"]
[White "Schade, Ulrich"]
[Black "Gellrich, Harald"]
[Result "1/2-1/2"]
[WhiteElo "1686"]
[BlackElo "1632"]
[PlyCount "101"]
[EventDate "2023.09.24"]
[WhiteTeam "TTC GW Fritzdorf 1"]
[BlackTeam "SV Hennef 1"]

1. d4 d5 2. c4 c6 3. cxd5 cxd5 4. Bf4 Nf6 5. e3 Nc6 6. Nc3 a6 7. a3 e6 8. Bd3
Bd6 9. Bxd6 Qxd6 10. f4 O-O 11. Nf3 Ne7 12. Ne5 Bd7 13. O-O g6 14. Qf3 Ne8 15.
Rf2 f5 16. Rc2 Nf6 17. Rac1 Rfc8 18. Qh3 Ne4 19. Nf3 Kg7 20. Bxe4 dxe4 21. Ne5
Nc6 22. Nc4 Qc7 23. Qh4 Qd8 24. Qxd8 Rxd8 25. Nb6 Rab8 26. Nca4 Bc8 27. Nc5 Kf7
28. Kf2 h6 29. h4 Ke7 30. Rc3 Kf7 31. b4 Ke7 32. Nxc8+ Rdxc8 33. Nxb7 Rxb7 34.
Rxc6 Rxc6 35. Rxc6 a5 36. Rc4 axb4 37. axb4 Kf6 38. Ke2 Rb6 39. Kd2 g5 40.
hxg5+ hxg5 41. g3 g4 42. Kc3 Ke7 43. Kb3 Kd6 44. Rc5 Rb8 45. b5 Kd7 46. Kc4 Ra8
47. Kb4 Ra1 48. b6 Rb1+ 49. Ka5 Rb3 50. Ka6 Rxe3 51. b7 1/2-1/2

[Event "SVM_Verbandsliga_Süd_2023-24"]
[Site "?"]
[Date "2023.09.24"]
[Round "2.8"]
[White "Feig, Frank"]
[Black "Mende, Lukas"]
[Result "1/2-1/2"]
[WhiteElo "1766"]
[BlackElo "1492"]
[PlyCount "98"]
[EventDate "2023.09.24"]
[WhiteTeam "SV Hennef 1"]
[BlackTeam "TTC GW Fritzdorf 1"]

1. Nf3 c5 2. c4 Nf6 3. Nc3 g6 4. g3 Bg7 5. Bg2 O-O 6. O-O Nc6 7. a3 d6 8. Rb1
Be6 9. d3 Qd7 10. Ng5 Bf5 11. e4 Be6 12. Nxe6 Qxe6 13. Nd5 Qd7 14. b4 cxb4 15.
Nxb4 Rab8 16. h3 a6 17. Be3 Ne8 18. Qd2 Nc7 19. Rfc1 Nd4 20. Nc2 Nce6 21. Nxd4
Nxd4 22. Kh2 Rfc8 23. Rb6 Qc7 24. Rcb1 Qd7 25. Qd1 h5 26. f4 Rc6 27. Kg1 Rxb6
28. Rxb6 Qc7 29. Qb1 Ne2+ 30. Kf2 Nd4 31. a4 a5 32. e5 dxe5 33. Bxd4 exd4 34.
Rxb7 Rxb7 35. Qxb7 Qxb7 36. Bxb7 e5 37. Kf3 Kf8 38. g4 Ke7 39. gxh5 gxh5 40.
Ke4 Kd6 41. Bd5 exf4 42. Bxf7 h4 43. Kxf4 Bf6 44. Kf5 Bd8 45. Bd5 Kc5 46. Ke6
Bg5 47. Be4 Bd8 48. Kd7 Bg5 49. Kc7 Bf6 1/2-1/2

[Event "SVM_Verbandsliga_Süd_2023-24"]
[Site "?"]
[Date "2023.09.24"]
[Round "2.1"]
[White "Albrecht, Oliver"]
[Black "Voß, Bela"]
[Result "1-0"]
[WhiteElo "2142"]
[BlackElo "1861"]
[PlyCount "45"]
[EventDate "2023.09.24"]
[WhiteTeam "SC Siegburg 2"]
[BlackTeam "TuS Strempt 1"]

1. d4 d5 2. c4 e6 3. Nc3 Nf6 4. cxd5 exd5 5. Bg5 Be7 6. e3 c6 7. Bd3 O-O 8. Qc2
Nbd7 9. Nge2 Re8 10. O-O h6 11. Bh4 Ne4 12. Bxe7 Qxe7 13. Rae1 Ndf6 14. f3 Nd6
15. Ng3 h5 16. Qf2 Be6 17. e4 dxe4 18. fxe4 Ng4 19. Qf4 Rad8 20. h3 h4 21. Nh5
Nh6 22. d5 Nb5 23. Bxb5 1-0

[Event "SVM_Verbandsliga_Süd_2023-24"]
[Site "?"]
[Date "2023.09.24"]
[Round "2.2"]
[White "Hissen, Tobias"]
[Black "Breest, Axel"]
[Result "1/2-1/2"]
[WhiteElo "1864"]
[BlackElo "1894"]
[PlyCount "38"]
[EventDate "2023.09.24"]
[WhiteTeam "TuS Strempt 1"]
[BlackTeam "SC Siegburg 2"]

1. Nf3 Nf6 2. c4 c5 3. Nc3 Nc6 4. g3 g6 5. Bg2 Bg7 6. O-O O-O 7. Re1 d6 8. d3
Bg4 9. Bd2 a6 10. Qc1 Rb8 11. Bh6 Qc8 12. Bxg7 Kxg7 13. b3 b5 14. Qb2 bxc4 15.
dxc4 Kg8 16. Rad1 Re8 17. Qd2 Bxf3 18. Bxf3 Nd4 19. Bg2 Qf5 1/2-1/2

[Event "SVM_Verbandsliga_Süd_2023-24"]
[Site "?"]
[Date "2023.09.24"]
[Round "2.3"]
[White "Steffens, Klaus"]
[Black "Heinen, Marcus"]
[Result "1/2-1/2"]
[WhiteElo "1862"]
[BlackElo "1796"]
[PlyCount "21"]
[EventDate "2023.09.24"]
[WhiteTeam "SC Siegburg 2"]
[BlackTeam "TuS Strempt 1"]

1. Nf3 f5 2. g3 Nf6 3. Bg2 e6 4. c4 Be7 5. Nc3 O-O 6. O-O d5 7. d4 c6 8. b3 Ne4
9. Bb2 Nd7 10. Qc2 Ndf6 11. Ne5 1/2-1/2

[Event "SVM_Verbandsliga_Süd_2023-24"]
[Site "?"]
[Date "2023.09.24"]
[Round "2.4"]
[White "Hoss, Andreas"]
[Black "Veehmayer, Mio"]
[Result "1/2-1/2"]
[WhiteElo "1719"]
[BlackElo "1608"]
[PlyCount "73"]
[EventDate "2023.09.24"]
[WhiteTeam "TuS Strempt 1"]
[BlackTeam "SC Siegburg 2"]

1. e4 c6 2. Nf3 d5 3. exd5 cxd5 4. d4 Nc6 5. c3 Qc7 6. Bd3 Bg4 7. Nbd2 e6 8.
Nf1 Bh5 9. Ng3 Bg6 10. Bb5 Bd6 11. Qe2 Nf6 12. Ne5 Bxe5 13. dxe5 Nd7 14. f4 O-O
15. Be3 a6 16. Bd3 Bxd3 17. Qxd3 b5 18. O-O Qb7 19. Ne2 b4 20. c4 dxc4 21. Qxc4
Nb6 22. Qe4 Nd5 23. Rac1 Rac8 24. Rc5 Nce7 25. Rfc1 Rxc5 26. Rxc5 Rc8 27. Bf2
Rxc5 28. Bxc5 g6 29. Bxe7 Qxe7 30. Qc4 a5 31. g3 Qa7+ 32. Qd4 Qc7 33. Qd2 Qc4
34. b3 Qc5+ 35. Kg2 Nc3 36. Qd8+ Kg7 37. Qf6+ 1/2-1/2

[Event "SVM_Verbandsliga_Süd_2023-24"]
[Site "?"]
[Date "2023.09.24"]
[Round "2.5"]
[White "Peukert, Manuel"]
[Black "Grant, Hildegard"]
[Result "1/2-1/2"]
[WhiteElo "1629"]
[BlackElo "1683"]
[PlyCount "42"]
[EventDate "2023.09.24"]
[WhiteTeam "SC Siegburg 2"]
[BlackTeam "TuS Strempt 1"]

1. e4 c5 2. c4 Nc6 3. Nc3 g6 4. g3 Bg7 5. Nge2 Nf6 6. Bg2 O-O 7. O-O d6 8. h3
e5 9. d3 h6 10. Be3 Be6 11. f4 exf4 12. Nxf4 a6 13. Nfe2 Kh7 14. b3 Rb8 15. Rc1
Qd7 16. Kh2 Ng8 17. d4 cxd4 18. Nxd4 f5 19. exf5 Bxf5 20. Nxf5 Rxf5 21. Rxf5
gxf5 1/2-1/2

[Event "SVM_Verbandsliga_Süd_2023-24"]
[Site "?"]
[Date "2023.09.24"]
[Round "2.6"]
[White "Kirch, Andreas"]
[Black "Höck, Sebastian"]
[Result "0-1"]
[WhiteElo "1472"]
[BlackElo "1701"]
[PlyCount "72"]
[EventDate "2023.09.24"]
[WhiteTeam "TuS Strempt 1"]
[BlackTeam "SC Siegburg 2"]

1. e4 d5 2. exd5 Qxd5 3. Nf3 Bg4 4. Nc3 Qd6 5. b3 Nf6 6. Bc4 e6 7. O-O c6 8. a4
Qc7 9. Re1 Bd6 10. g3 Nbd7 11. Bb2 h5 12. Ne4 Nxe4 13. Rxe4 Nf6 14. Re3 h4 15.
Qe1 hxg3 16. hxg3 O-O-O 17. Ne5 Bh5 18. f3 Nd7 19. g4 Nxe5 20. Bxe5 Bg6 21.
Bxg7 Rh2 22. Bf6 Rd7 23. Re5 Rxd2 24. Bd3 {(=)} Bxe5 25. Bxe5 Qb6+ 26. Kh1 Qf2
27. Qxf2 Rxf2 28. Bxg6 fxg6 29. f4 Rxc2 30. Re1 Rdd2 31. g5 b5 32. axb5 cxb5
33. b4 Kb7 34. Bf6 Re2 35. Rxe2 Rxe2 36. Kg1 Re4 0-1

[Event "SVM_Verbandsliga_Süd_2023-24"]
[Site "?"]
[Date "2023.09.24"]
[Round "2.7"]
[White "Trube, Dieter"]
[Black "Schade, Noah"]
[Result "1/2-1/2"]
[WhiteElo "1535"]
[BlackElo "1620"]
[PlyCount "33"]
[EventDate "2023.09.24"]
[WhiteTeam "SC Siegburg 2"]
[BlackTeam "TuS Strempt 1"]

1. e4 e6 2. Nf3 d5 3. Nc3 dxe4 4. Nxe4 Nd7 5. Bb5 a6 6. Ba4 b5 7. Bb3 h6 8. d4
Ngf6 9. Nxf6+ Nxf6 10. O-O Bb7 11. c3 Bd6 12. a4 Bd5 13. Re1 Bxb3 14. Qxb3 c6
15. Ne5 Bxe5 16. Rxe5 O-O 17. Rc5 1/2-1/2

[Event "SVM_Verbandsliga_Süd_2023-24"]
[Site "?"]
[Date "2023.09.24"]
[Round "2.1"]
[White "Hank, Holger"]
[Black "Kögler, Christof"]
[Result "1/2-1/2"]
[WhiteElo "1932"]
[BlackElo "2070"]
[PlyCount "71"]
[EventDate "2023.09.24"]
[WhiteTeam "Brühler SK 2"]
[BlackTeam "Godesberger SK 3"]

1. c4 c5 2. g3 Nf6 3. Bg2 g6 4. Nc3 Bg7 5. e4 Nc6 6. Nge2 O-O 7. O-O d6 8. d3
Bd7 9. h3 Ne8 10. Be3 Nc7 11. d4 cxd4 12. Nxd4 Ne6 13. Nde2 Rc8 14. Rc1 b6 15.
b3 Nc5 16. Qd2 f5 17. Kh2 Ne5 18. f4 Nf7 19. exf5 Bxf5 20. Nd4 Bd7 21. Rcd1 Ne6
22. Nxe6 Bxe6 23. Bd4 Bd7 24. Bxg7 Kxg7 25. Nd5 Bc6 26. Rde1 e5 27. Qb2 Re8 28.
f5 gxf5 29. Rxf5 Nh6 30. Rh5 Bxd5 31. Bxd5 Rf8 32. Qd2 Rf6 33. Rf1 Qe8 34. Rxf6
Qxh5 35. Rxd6 Rf8 36. Kg2 1/2-1/2

[Event "SVM_Verbandsliga_Süd_2023-24"]
[Site "?"]
[Date "2023.09.24"]
[Round "2.2"]
[White "Lotzien, Hans"]
[Black "Peters, Alex"]
[Result "1/2-1/2"]
[WhiteElo "2062"]
[BlackElo "2120"]
[PlyCount "58"]
[EventDate "2023.09.24"]
[WhiteTeam "Godesberger SK 3"]
[BlackTeam "Brühler SK 2"]

1. e4 Nf6 2. Nc3 d5 3. exd5 Nxd5 4. Nxd5 Qxd5 5. Qf3 Qxf3 6. Nxf3 Nc6 7. c3 Bg4
8. Be2 e5 9. h3 Bh5 10. d3 O-O-O 11. Be3 f6 12. O-O-O Bf7 13. Kb1 Be7 14. Ne1
Kb8 15. f4 Bd6 16. fxe5 Nxe5 17. Nc2 Rhe8 18. Rhe1 Ng6 19. Bh5 Re5 20. g4 Bg8
21. Bxg6 hxg6 22. Bf2 Rde8 23. Rxe5 Rxe5 24. Re1 g5 25. Ne3 Bh7 26. Kc2 Kc8 27.
Nc4 Rd5 28. Nxd6+ Rxd6 29. Re3 Kd7 1/2-1/2

[Event "SVM_Verbandsliga_Süd_2023-24"]
[Site "?"]
[Date "2023.09.24"]
[Round "2.3"]
[White "Kart, Boris"]
[Black "Wulfken, Christof"]
[Result "1/2-1/2"]
[WhiteElo "1799"]
[BlackElo "1905"]
[PlyCount "86"]
[EventDate "2023.09.24"]
[WhiteTeam "Brühler SK 2"]
[BlackTeam "Godesberger SK 3"]

1. e4 c5 2. Nf3 d6 3. d4 cxd4 4. Nxd4 a6 5. Nc3 Nf6 6. Be3 Ng4 7. Qd2 Nxe3 8.
Qxe3 g6 9. O-O-O Bg7 10. f3 Bd7 11. g4 Nc6 12. Nxc6 bxc6 13. Bc4 c5 14. h3 Qb6
15. Bb3 Rb8 16. Qd3 Bb5 17. Nxb5 axb5 18. c4 bxc4 19. Qxc4 O-O 20. f4 Qb4 21.
Rh2 Qa5 22. Rc2 Rb4 23. Qd5 Qa8 24. f5 Qxd5 25. Bxd5 Rfb8 26. b3 Be5 27. Rc4
Kg7 28. Kc2 Rxc4+ 29. Bxc4 Ra8 30. a4 g5 31. Kd3 Kf6 32. Bd5 Ra7 33. Rf1 Bf4
34. Ra1 Ra5 35. Ra2 e6 36. Bc6 Ke7 37. Kc4 Bg3 38. Re2 Be5 39. b4 cxb4 40. Kxb4
Rc5 41. Bb5 Bc3+ 42. Kb3 Ba5 43. Bc4 Re5 1/2-1/2

[Event "SVM_Verbandsliga_Süd_2023-24"]
[Site "?"]
[Date "2023.09.24"]
[Round "2.4"]
[White "Dörschel, Lorenz"]
[Black "Münch, Carsten"]
[Result "0-1"]
[WhiteElo "1899"]
[BlackElo "1680"]
[PlyCount "86"]
[EventDate "2023.09.24"]
[WhiteTeam "Godesberger SK 3"]
[BlackTeam "Brühler SK 2"]

1. c4 Nf6 2. Nc3 g6 3. g3 Bg7 4. Bg2 O-O 5. d4 d6 6. Nf3 c6 7. O-O Nbd7 8. e4
e5 9. dxe5 Nxe5 10. Nxe5 dxe5 11. b3 Qe7 12. Qc2 Rd8 13. a4 Be6 14. Ba3 Qc7 15.
Rad1 Bf8 16. Bxf8 Kxf8 17. Ne2 Rxd1 18. Rxd1 Rd8 19. Rd3 Rxd3 20. Qxd3 Qd7 21.
Nc1 Qxd3 22. Nxd3 Nd7 23. Bf1 Ke7 24. f3 Kd6 25. Kf2 Nc5 26. Nc1 a5 27. Ke3 f5
28. Be2 fxe4 29. fxe4 b5 30. axb5 cxb5 31. cxb5 Bxb3 32. Nxb3 Nxb3 33. Bc4 Nd4
34. h4 h6 35. Bf7 g5 36. hxg5 hxg5 37. Kf2 a4 38. b6 a3 39. Bd5 g4 40. Ke3 Nc2+
41. Kd2 Nb4 42. Kc3 Nxd5+ 43. exd5 e4 0-1

[Event "SVM_Verbandsliga_Süd_2023-24"]
[Site "?"]
[Date "2023.09.24"]
[Round "2.5"]
[White "Georgopoulos, Nicolas"]
[Black "Otto, Wolfgang"]
[Result "1/2-1/2"]
[WhiteElo "1590"]
[BlackElo "1868"]
[PlyCount "94"]
[EventDate "2023.09.24"]
[WhiteTeam "Brühler SK 2"]
[BlackTeam "Godesberger SK 3"]

1. e4 e6 2. d4 d5 3. Nc3 Bb4 4. e5 Ne7 5. a3 Bxc3+ 6. bxc3 c5 7. Nf3 Qa5 8. Bd2
Bd7 9. c4 Qc7 10. cxd5 Nxd5 11. c3 Nc6 12. Bd3 cxd4 13. cxd4 f6 14. exf6 Nxf6
15. O-O O-O 16. Re1 Rae8 17. Rc1 Qd6 18. Qb3 b6 19. Be3 Kh8 20. h3 Qd5 21. Bc4
Qh5 22. Bd2 e5 23. dxe5 Nxe5 24. Nxe5 Rxe5 25. Rxe5 Qxe5 26. Re1 Qd4 27. Bc3
Qf4 28. Be5 Qh4 29. Bg3 Qg5 30. Qb4 Rc8 31. Ba6 Rg8 32. Kh2 Bc6 33. Bc4 Rd8 34.
Qe7 Re8 35. Qf7 h5 36. Rxe8+ Bxe8 37. Qxa7 h4 38. Bc7 Bc6 39. f3 Bxf3 40. Qb8+
Kh7 41. gxf3 Qd2+ 42. Kh1 Qc1+ 43. Kg2 Qxc4 44. Bxb6 Qa2+ 45. Bf2 Qxa3 46. Qf4
Qa2 47. Qxh4+ Kg8 1/2-1/2

[Event "SVM_Verbandsliga_Süd_2023-24"]
[Site "?"]
[Date "2023.09.24"]
[Round "2.6"]
[White "Schniggenberg, Gerd"]
[Black "Meul, Willi"]
[Result "1/2-1/2"]
[WhiteElo "1848"]
[BlackElo "1544"]
[PlyCount "78"]
[EventDate "2023.09.24"]
[WhiteTeam "Godesberger SK 3"]
[BlackTeam "Brühler SK 2"]

1. e4 c5 2. c3 d6 3. d4 cxd4 4. cxd4 Nd7 5. Nc3 Ngf6 6. Nf3 Qc7 7. Be2 a6 8.
O-O b5 9. a3 Bb7 10. Bd3 g6 11. Be3 Bg7 12. Rc1 Qd8 13. Qd2 Rc8 14. Rfe1 Nb6
15. b3 O-O 16. Bh6 Ng4 17. Bxg7 Kxg7 18. Bb1 e6 19. Qd3 h5 20. h3 Nh6 21. Qe3
Bc6 22. Nd2 Bd7 23. f4 f5 24. e5 d5 25. Bd3 Nf7 26. Nf3 Kh6 27. Re2 Qe7 28. Nb1
Rxc1+ 29. Qxc1 Rc8 30. Rc2 Rxc2 31. Qxc2 Be8 32. Qc3 g5 33. fxg5+ Nxg5 34. Qc1
Kg6 35. Qxg5+ Qxg5 36. Nxg5 Kxg5 37. Kf2 h4 38. Ke3 Bh5 39. Bc2 Bg6 1/2-1/2

[Event "SVM_Verbandsliga_Süd_2023-24"]
[Site "?"]
[Date "2023.09.24"]
[Round "2.7"]
[White "Hölzenbein, Alfons"]
[Black "Schreck, Alexander"]
[Result "0-1"]
[WhiteElo "1558"]
[BlackElo "1803"]
[PlyCount "99"]
[EventDate "2023.09.24"]
[WhiteTeam "Brühler SK 2"]
[BlackTeam "Godesberger SK 3"]

1. d4 Nf6 2. Nf3 d5 3. e3 c5 4. Be2 Bf5 5. O-O e6 6. c3 Nc6 7. Nbd2 h6 8. dxc5
Bxc5 9. Nb3 Bd6 10. Nbd4 Bh7 11. Bb5 Qc7 12. Qa4 Rc8 13. Nxc6 bxc6 14. Be2 O-O
15. h3 Ne4 16. Qd1 Rb8 17. c4 Rfc8 18. cxd5 cxd5 19. Ba6 Rd8 20. a3 Nc5 21. Be2
Nb3 22. Bd2 Nxa1 23. Qxa1 Qc2 24. b4 Rdc8 25. Rc1 Qe4 26. Bc3 Rc7 27. Nd2 Qf5
28. Nf3 Rbc8 29. g4 Qg6 30. Nh4 Qg5 31. Nf3 Qe7 32. Ba6 Rb8 33. Nd4 Qd7 34. b5
h5 35. Nc6 Rb6 36. Bd4 Rxa6 37. bxa6 Rxc6 38. Rxc6 Qxc6 39. Bxg7 Bf8 40. Bf6
hxg4 41. Qe5 gxh3 42. Qg3+ Bg6 43. Qxh3 Bg7 44. Be7 Qc1+ 45. Kh2 Qc7+ 46. f4
Qxe7 47. a4 Qa3 48. Qh4 Qxe3 49. Qd8+ Bf8 50. Qg5 0-1

[Event "SVM_Verbandsliga_Süd_2023-24"]
[Site "?"]
[Date "2023.09.24"]
[Round "2.8"]
[White "Eisentraut, Dieter"]
[Black "Müller, Jürgen"]
[Result "0-1"]
[WhiteElo "1699"]
[BlackElo "1505"]
[PlyCount "116"]
[EventDate "2023.09.24"]
[WhiteTeam "Godesberger SK 3"]
[BlackTeam "Brühler SK 2"]

1. b3 d5 2. Bb2 Bf5 3. Nf3 e6 4. d3 Nf6 5. h3 h6 6. Nbd2 Be7 7. e3 c5 8. Qe2
O-O 9. Rg1 Qa5 10. g4 Bg6 11. Ne5 Nbd7 12. Nxg6 fxg6 13. f4 Nh7 14. Bg2 Bf6 15.
d4 Nb6 16. Qd3 c4 17. Qc3 Qxc3 18. Bxc3 Bh4+ 19. Ke2 g5 20. Nf3 Bg3 21. fxg5
Nxg5 22. Nxg5 Rf2+ 23. Kd1 hxg5 24. Be1 Raf8 25. Bxf2 Rxf2 26. Kc1 c3 27. Bf1
Bd6 28. Kd1 Ba3 29. Bd3 Rh2 30. Ke1 Rxh3 31. Kf2 Bd6 32. Raf1 Nd7 33. Ke2 Nf6
34. Rf2 a6 35. a4 Rh4 36. Rfg2 e5 37. dxe5 Bxe5 38. Bf5 b6 39. Be6+ Kf8 40. Rd1
Ke7 41. Bxd5 Nxg4 42. Rdg1 Nxe3 43. Rxg5 Bd4 44. Kd3 Nxd5 45. Re1+ Kd6 46. Re4
Rxe4 47. Kxe4 Nc7 48. Rg6+ Bf6 49. Rg3 Kc5 50. Rd3 b5 51. axb5 axb5 52. Rf3 Na6
53. Rf5+ Kb4 54. Kd5 Ka3 55. Kc6 Nb4+ 56. Kxb5 Nxc2 57. Rf1 Nd4+ 58. Kc4 Nxb3
0-1

[Event "SVM_Verbandsliga_Süd_2023-24"]
[Site "?"]
[Date "2023.10.01"]
[Round "2.1"]
[White "König, Christian"]
[Black "Quinones-Maletti, Julio Guillermo"]
[Result "0-1"]
[WhiteElo "2054"]
[BlackElo "2113"]
[PlyCount "66"]
[EventDate "2023.09.24"]
[WhiteTeam "SF Lohmar 1"]
[BlackTeam "SG Porz 5"]

1. e4 c5 2. Nf3 d6 3. d4 cxd4 4. Nxd4 Nf6 5. Nc3 a6 6. Be3 e5 7. Nb3 Be6 8. Qd2
Be7 9. f3 O-O 10. O-O-O Nbd7 11. g4 b5 12. g5 b4 13. gxf6 bxc3 14. Qxc3 Nxf6
15. Na5 Qd7 16. Nc6 Rfc8 17. Nxe7+ Qxe7 18. Qa5 Qb7 19. Rxd6 Nxe4 20. Rb6 Qc7
21. Bd3 Nf6 22. Bd2 Bc4 23. Bf5 Nd5 24. Rb3 Bxb3 25. axb3 Qxa5 26. Bxa5 Rcb8
27. Be4 Rb5 28. b4 Rc8 29. Bd3 Rxb4 30. Bxb4 Nxb4 31. Kd2 Rd8 32. Ra1 f6 33.
Ke3 Rxd3+ 0-1

[Event "SVM_Verbandsliga_Süd_2023-24"]
[Site "?"]
[Date "2023.10.01"]
[Round "2.2"]
[White "Niesel, Tobias"]
[Black "Akstinat, Sven-Holger"]
[Result "1-0"]
[WhiteElo "1967"]
[BlackElo "1964"]
[PlyCount "99"]
[EventDate "2023.09.24"]
[WhiteTeam "SG Porz 5"]
[BlackTeam "SF Lohmar 1"]

1. c4 c6 2. g3 d5 3. Nf3 Nf6 4. Bg2 Bf5 5. Qb3 Qb6 6. O-O e6 7. d3 Nbd7 8. Nc3
Be7 9. Be3 dxc4 10. Qxc4 Qb4 11. Qxb4 Bxb4 12. a3 Bd6 13. b4 a6 14. Nd4 Bg6 15.
Nb3 Nd5 16. Bd2 Rc8 17. Rac1 Ne7 18. Rfd1 O-O 19. Na5 b6 20. Nc4 Bc7 21. e4
Rfd8 22. Be3 Bh5 23. Rd2 b5 24. Nb2 Ne5 25. f4 Nf3+ 26. Bxf3 Bxf3 27. Kf2 Bh5
28. Ne2 Rd7 29. Nd4 e5 30. Nxc6 Nxc6 31. Rxc6 Ra8 32. d4 f6 33. dxe5 Rxd2+ 34.
Bxd2 Bd8 35. e6 Be8 36. Rc3 a5 37. Nd3 axb4 38. axb4 Ra2 39. Ke3 Bb6+ 40. Nc5
Kf8 41. Kd3 Ke7 42. f5 g5 43. h4 h6 44. hxg5 hxg5 45. e5 g4 46. Ne4 Rxd2+ 47.
Kxd2 fxe5 48. Rc8 Bh5 49. Rb8 Bd4 50. Rb7+ 1-0

[Event "SVM_Verbandsliga_Süd_2023-24"]
[Site "?"]
[Date "2023.10.01"]
[Round "2.3"]
[White "Fuchs, Andreas"]
[Black "Sewald, Richard"]
[Result "1/2-1/2"]
[WhiteElo "1982"]
[BlackElo "1819"]
[PlyCount "27"]
[EventDate "2023.09.24"]
[WhiteTeam "SF Lohmar 1"]
[BlackTeam "SG Porz 5"]

1. d4 Nf6 2. Nf3 e6 3. c4 b6 4. g3 Bb7 5. Bg2 Be7 6. Nc3 d5 7. O-O O-O 8. cxd5
exd5 9. Bf4 c5 10. Qb3 c4 11. Qc2 Nc6 12. Rad1 Nb4 13. Qb1 Ba6 14. Ne5 1/2-1/2

[Event "SVM_Verbandsliga_Süd_2023-24"]
[Site "?"]
[Date "2023.10.01"]
[Round "2.4"]
[White "Sewald, Jörg"]
[Black "Langer, Raphael"]
[Result "0-1"]
[WhiteElo "1639"]
[BlackElo "1951"]
[PlyCount "68"]
[EventDate "2023.09.24"]
[WhiteTeam "SG Porz 5"]
[BlackTeam "SF Lohmar 1"]

1. g3 g6 2. Bg2 Bg7 3. e3 d5 4. Ne2 Nf6 5. b3 O-O 6. Bb2 Bg4 7. h3 Bxe2 8. Qxe2
c6 9. d3 Nbd7 10. Nd2 a5 11. a3 a4 12. b4 c5 13. c3 Qb6 14. g4 e6 15. Nf3 Rfc8
16. d4 cxb4 17. cxb4 Ne4 18. O-O Qa6 19. Qxa6 Rxa6 20. Ne5 Nxe5 21. dxe5 Nd2
22. Rfc1 Rac6 23. f4 Rc2 24. Rxc2 Rxc2 25. Bd4 Nb3 26. Rd1 Bf8 27. Rd3 Nc1 28.
Rd1 Ne2+ 29. Kf1 Nxd4 30. Rxd4 Rc3 31. e4 dxe4 32. Bxe4 Rxa3 33. Bxb7 Rb3 34.
Be4 a3 0-1

[Event "SVM_Verbandsliga_Süd_2023-24"]
[Site "?"]
[Date "2023.10.01"]
[Round "2.5"]
[White "Weiler, Wolfgang"]
[Black "Chtcherbatow, Zakhar"]
[Result "1-0"]
[WhiteElo "1919"]
[BlackElo "1775"]
[PlyCount "87"]
[EventDate "2023.09.24"]
[WhiteTeam "SF Lohmar 1"]
[BlackTeam "SG Porz 5"]

1. e4 c5 2. Nc3 Nc6 3. f4 d6 4. Nf3 Bg4 5. Bb5 e6 6. Bxc6+ bxc6 7. d3 Be7 8.
O-O Nf6 9. Qe1 Bxf3 10. Rxf3 O-O 11. Rh3 Ne8 12. Qe2 g6 13. f5 Bg5 14. Bxg5
Qxg5 15. Rg3 Qf6 16. Rf1 Qd4+ 17. Kh1 Rb8 18. Nd1 exf5 19. exf5 Ng7 20. f6 Ne8
21. Rg4 Qd5 22. c4 Qe6 23. Re4 Qd7 24. Re7 Qc8 25. Qf3 Rb7 26. Qf4 Kh8 27. Rf3
Rg8 28. Rxb7 Qxb7 29. Rh3 g5 30. Qf2 Rg6 31. Rf3 Qd7 32. Nc3 h6 33. Rf5 Qe6 34.
Ne4 Kh7 35. h3 a5 36. b3 Nc7 37. g4 Na6 38. Qg3 Nb4 39. Qxd6 Qxd6 40. Nxd6 Nxd3
41. Nxf7 Kg8 42. Nd8 Nf4 43. Nxc6 Nxh3 44. Ne7+ 1-0

[Event "SVM_Verbandsliga_Süd_2023-24"]
[Site "?"]
[Date "2023.10.01"]
[Round "2.6"]
[White "Türkkan, Nuh"]
[Black "Dirschke, Philipp"]
[Result "0-1"]
[WhiteElo "1840"]
[BlackElo "1851"]
[PlyCount "74"]
[EventDate "2023.09.24"]
[WhiteTeam "SG Porz 5"]
[BlackTeam "SF Lohmar 1"]

1. c4 Nf6 2. Nc3 c6 3. e4 d5 4. e5 Ne4 5. cxd5 Nxc3 6. bxc3 Qxd5 7. d4 g6 8.
Qf3 Be6 9. Bd3 Bg7 10. Qg3 O-O 11. Ne2 Qa5 12. O-O Rd8 13. h4 c5 14. h5 cxd4
15. cxd4 Nc6 16. h6 Bf8 17. Qe3 Qa4 18. Bb2 Nb4 19. Be4 Nc2 20. Qd2 Nxa1 21.
Rxa1 Rac8 22. Nc3 Qb4 23. Rd1 Bxh6 24. Qxh6 Qxb2 25. Na4 Qe2 26. Bf3 Qxa2 27.
Nc5 Rxc5 28. dxc5 Rxd1+ 29. Bxd1 Qb1 30. Qd2 Bb3 31. Qd8+ Kg7 32. Qxe7 Qxd1+
33. Kh2 Qh5+ 34. Kg1 Bd5 35. Qf6+ Kh6 36. Qd8 Qxe5 37. f4 Qd4+ 0-1

[Event "SVM_Verbandsliga_Süd_2023-24"]
[Site "?"]
[Date "2023.10.01"]
[Round "2.7"]
[White "Weber, Olaf"]
[Black "Krause, Johann"]
[Result "1-0"]
[WhiteElo "1837"]
[BlackElo "1697"]
[PlyCount "55"]
[EventDate "2023.09.24"]
[WhiteTeam "SF Lohmar 1"]
[BlackTeam "SG Porz 5"]

1. Nf3 d5 2. c4 c6 3. g3 dxc4 4. Bg2 g6 5. O-O Bg7 6. Qc2 Qb6 7. Na3 Nf6 8.
Nxc4 Qa6 9. d3 O-O 10. Bd2 Nbd7 11. a4 Nb6 12. Nce5 Ng4 13. Nxg4 Bxg4 14. Bc3
Bxc3 15. Qxc3 Nd5 16. Qd2 Bxf3 17. Bxf3 Qb6 18. a5 Qb4 19. Qc2 Qd6 20. Ra4 e5
21. Qb3 Rab8 22. Rc1 Rfc8 23. Rac4 Nf6 24. Rb4 Qc7 25. a6 bxa6 26. Rxc6 Rxb4
27. Qxb4 Qb8 28. Qxb8 1-0

[Event "SVM_Verbandsliga_Süd_2023-24"]
[Site "?"]
[Date "2023.10.01"]
[Round "2.8"]
[White "Vaghef, Mohammad Reza"]
[Black "Rokitta, Uwe"]
[Result "1/2-1/2"]
[WhiteElo "1571"]
[BlackElo "1708"]
[PlyCount "114"]
[EventDate "2023.09.24"]
[WhiteTeam "SG Porz 5"]
[BlackTeam "SF Lohmar 1"]

1. c4 Nf6 2. Nc3 e5 3. g3 d5 4. cxd5 Nxd5 5. Bg2 Nb6 6. Nf3 Nc6 7. O-O Be7 8.
e3 O-O 9. d4 exd4 10. Nxd4 Nxd4 11. Qxd4 Bf6 12. Qc5 Nd7 13. Qb5 c6 14. Qc4 Ne5
15. Qe2 Be6 16. b3 Bg4 17. f3 Nxf3+ 18. Bxf3 Bxf3 19. Qxf3 Bxc3 20. Rb1 Qe7 21.
e4 Be5 22. Be3 c5 23. Rfd1 Rfd8 24. Rd5 Rxd5 25. exd5 Rc8 26. Qf5 Rd8 27. Rd1
Bd6 28. Re1 Qc7 29. Bg5 Rf8 30. Re4 Qc8 31. Qf3 f6 32. Be3 Re8 33. Rg4 f5 34.
Rh4 Be7 35. Rh3 g6 36. d6 Bxd6 37. Bh6 c4 38. Rh4 Qc5+ 39. Kg2 cxb3 40. Qxb3+
Kh8 41. Qxb7 Qc7 42. Qb2+ Be5 43. Qb5 Rb8 44. Qd5 Qb7 45. Qxb7 Rxb7 46. Ra4 Kg8
47. Be3 Bb8 48. h4 Kf7 49. Kf3 Ke6 50. g4 Rf7 51. Ra6+ Kd5 52. g5 Kc4 53. Bf4
Bxf4 54. Kxf4 Re7 55. h5 Re4+ 56. Kf3 gxh5 57. Rxa7 Rg4 1/2-1/2

[Event "SVM_Verbandsliga_Süd_2023-24"]
[Site "?"]
[Date "2023.11.05"]
[Round "3.1"]
[White "Hemmann, Arnold"]
[Black "Hank, Holger"]
[Result "0-1"]
[WhiteElo "2049"]
[BlackElo "1932"]
[PlyCount "98"]
[EventDate "2023.11.05"]
[WhiteTeam "Rheinbacher SF 1"]
[BlackTeam "Brühler SK 2"]

1. e4 d6 2. d4 Nf6 3. Nc3 g6 4. Nf3 Bg7 5. h3 O-O 6. Be3 c6 7. a4 Nbd7 8. Qd2
Qc7 9. Be2 b6 10. O-O Bb7 11. Bh6 a6 12. Bxg7 Kxg7 13. Qe3 e5 14. dxe5 dxe5 15.
b4 Rfe8 16. Rfd1 b5 17. Nh4 h6 18. Qg3 Kh7 19. Bg4 Nxg4 20. Qxg4 Nf6 21. Qf3
Qe7 22. Rd3 Rad8 23. Rad1 Bc8 24. axb5 axb5 25. Ne2 Rxd3 26. Rxd3 Be6 27. Ng3
Ng8 28. Nhf5 gxf5 29. Nxf5 Qg5 30. Nd6 Ra8 31. Qd1 Ra7 32. Ne8 Qe7 33. Nd6 Rd7
34. f4 exf4 35. e5 Bd5 36. Qg4 Rxd6 37. exd6 Qxd6 38. Qf5+ Qg6 39. Rxd5 cxd5
40. Qxd5 Nf6 41. Qxb5 Qxc2 42. Qe5 Qc1+ 43. Kh2 Kg6 44. b5 Qe3 45. Qb2 Qg3+ 46.
Kh1 Qe1+ 47. Kh2 Qg3+ 48. Kh1 f3 49. Qc2+ Kg7 0-1